| 000 | 00611nam a22001937a 4500 | ||
|---|---|---|---|
| 005 | 20251108172909.0 | ||
| 008 | 250721s1984 xx 000 0 ara d | ||
| 082 | 1 | 4 | _a414/عرف |
| 100 | 1 | _aعرفه، عبد العزيز عبد المعطي | |
| 245 | 1 | 0 | _aمن بلاغة النظم العربي / |
| 246 | 1 | 3 | _aدراسة تحليلية لمسائل علم المعاني |
| 264 | 1 |
_aبيروت : _bعالم الكتب، _c1984. |
|
| 300 | _aج2 | ||
| 650 | 1 | 7 | _aعلم البلاغة |
| 650 | 1 | 7 | _aاللغة العربية |
| 650 | 1 | 7 | _aعلم المعاني |
| 942 |
_2ddc _cBK |
||
| 999 |
_c91206 _d91206 |
||